000 00410 a2200145 4500
005 20250430151121.0
020 _a1-55570-412-3
082 _aLECT 027.7 JUN
100 _aJUNION. M, G.
245 _aInstant web forms an surveys for academic libraries.
260 _aLondon,
_bNeal-Schuman Publishers,
_c2001.
300 _axiii, 267p.: ill.; tables.
_bindex,
_c28cm.
700 _aMETZ, D, L.
942 _2ddc
_cBKS
999 _c1846
_d1846